| 000 | 01395cad a22002295a 4500 | ||
|---|---|---|---|
| 001 | L142580 | ||
| 008 | 080225s2008 xxk f 000 0 eng d | ||
| 035 | _a(Sirsi) u142580 | ||
| 041 | 0 | _aeng | |
| 050 | 0 | 4 | _a692.8 $2 18 |
| 100 | 1 | _aSavage, David | |
| 245 | 0 | 0 |
_aConstruction dispute resolution _bwhere are we now in the UK? _h[electronic resource] |
| 260 |
_aLondon _bRICS _c2008 |
||
| 520 | _aReviews the current range of dispute resolution methods available to the construction industry in the United Kingdom, in light of recent developments. Covers: the reform of the Technology and Construction Court; changes to the Construction and Engineering Pre-Action Protocol (2007); proposals for reform; arguments for and against arbitration. Finds that mediation has increased in importance over the last decade. Expects mediation to continue to increase in future, because it is one of the most effective forms of dispute resolution. | ||
| 521 | _aKA | ||
| 650 | 2 | 4 | _aPRE-ACTION PROTOCOL FOR THE CONSTRUCTION AND ENGINEERING DISPUTES |
| 650 | 2 | 4 | _aHOUSING GRANTS, CONSTRUCTION AND REGENERATION ACT 1996 |
| 651 | 4 |
_aUnited Kingdom _y |
|
| 690 | _aMANAGEMENT-DISPUTE AVOIDANCE, MANAGEMENT AND RESOLUTION-DISPUTE MANAGEMENT AND RESOLUTION | ||
| 856 | 4 | 1 |
_uhttps://www.rics.org/RICSWEB/getpage.aspx?p=-eBIcaa_bEy7SLM5a0aZSg _vView the document free of charge at www.rics.org... |
| 942 | _n0 | ||
| 999 |
_c107919 _d107919 |
||